Introduction to protein structure / (Record no. 53390)

MARC details
000 -LEADER
fixed length control field 00530nam a2200205Ia 4500
005 - DATE AND TIME OF LATEST TRANSACTION
control field 20260429112313.0
008 - FIXED-LENGTH DATA ELEMENTS--GENERAL INFORMATION
fixed length control field 260429s9999||||xx |||||||||||||| ||und||
020 ## - INTERNATIONAL STANDARD BOOK NUMBER
International Standard Book Number 9781041147657
041 ## - LANGUAGE CODE
Language English
082 ## - DEWEY DECIMAL CLASSIFICATION NUMBER
Classification number 572.633
Item number BRA
100 ## - MAIN ENTRY--PERSONAL NAME
Personal name Branden, Carl
245 #0 - TITLE STATEMENT
Title Introduction to protein structure /
Statement of responsibility, etc Carl Branden
250 ## - EDITION STATEMENT
Edition statement 2nd ed.
260 ## - PUBLICATION, DISTRIBUTION, ETC. (IMPRINT)
Place of publication, distribution, etc New York :
Name of publisher, distributor, etc Garland Publishing,
Date of publication, distribution, etc 2025.
300 ## - PHYSICAL DESCRIPTION
Extent xiv, 410 p.; pbk
650 ## - SUBJECT ADDED ENTRY--TOPICAL TERM
Topical term or geographic name as entry element Structure
650 ## - SUBJECT ADDED ENTRY--TOPICAL TERM
Topical term or geographic name as entry element Proteins
700 ## - ADDED ENTRY--PERSONAL NAME
Personal name Tooze, John
942 ## - ADDED ENTRY ELEMENTS (KOHA)
Koha item type Text Books
Holdings
Withdrawn status Lost status Damaged status Not for loan Collection code Home library Location Shelving location Date of Cataloging Source of acquisition Total Checkouts Full call number Barcode Date last seen Price effective from Koha item type
        Non-fiction CUTN Central Library CUTN Central Library Sciences 29/04/2026 TBH Library Book Suppliers, Chennai - Invoice No. SINV00732 on 09-02-2026   572.633 BRA 57588 29/04/2026 29/04/2026 Text Books
        Non-fiction CUTN Central Library CUTN Central Library Sciences 29/04/2026 TBH Library Book Suppliers, Chennai - Invoice No. SINV00732 on 09-02-2026   572.633 BRA 57589 29/04/2026 29/04/2026 Text Books
        Non-fiction CUTN Central Library CUTN Central Library Sciences 29/04/2026 TBH Library Book Suppliers, Chennai - Invoice No. SINV00732 on 09-02-2026   572.633 BRA 57590 29/04/2026 29/04/2026 Text Books
        Non-fiction CUTN Central Library CUTN Central Library Sciences 29/04/2026 TBH Library Book Suppliers, Chennai - Invoice No. SINV00732 on 09-02-2026   572.633 BRA 57591 29/04/2026 29/04/2026 Text Books
        Non-fiction CUTN Central Library CUTN Central Library Sciences 29/04/2026 TBH Library Book Suppliers, Chennai - Invoice No. SINV00732 on 09-02-2026   572.633 BRA 57592 29/04/2026 29/04/2026 Text Books